Catálogo

Orthotics and prosthetics in rehabilitation / (Registro nro. 70020)

Detalles MARC
000 -LEADER
fixed length control field 01281 a2200349 4500
001 - CONTROL NUMBER
control field 70020
003 - CONTROL NUMBER IDENTIFIER
control field Mx-PuUPA
005 - DATE AND TIME OF LATEST TRANSACTION
control field 20230524101157.0
008 - FIXED-LENGTH DATA ELEMENTS--GENERAL INFORMATION
fixed length control field 230524s2020 guaad||fr|||| 00| 0 eng d
020 ## - INTERNATIONAL STANDARD BOOK NUMBER
International Standard Book Number 9780323609135
040 ## - CATALOGING SOURCE
Original cataloging agency Mx-PuUPA
Language of cataloging spa
Transcribing agency Mx-PuUPA
Modifying agency Mx-PuUPA
Description conventions rda
041 0# - LANGUAGE CODE
Language code of text/sound track or separate title eng
245 10 - TITLE STATEMENT
Title Orthotics and prosthetics in rehabilitation /
Statement of responsibility, etc. Kevin K. Chui, Milagros "Millee" Jorge, Sheng-Che Yen, Michelle M. Lusardi
250 ## - EDITION STATEMENT
Edition statement Fourth edition
264 #1 - PRODUCTION, PUBLICATION, DISTRIBUTION, MANUFACTURE, AND COPYRIGHT NOTICE
Place of production, publication, distribution, manufacture St. Louis, Missouri :
Name of producer, publisher, distributor, manufacturer Elsevier, Inc.,
Date of production, publication, distribution, manufacture, or copyright notice ©2020
300 ## - PHYSICAL DESCRIPTION
Extent xiv, 817 páginas :
Other physical details ilustraciones, diagramas, tablas ;
Dimensions 29 cm
336 ## - CONTENT TYPE
Fuente rdacontent
Content type term texto
Content type code txt
337 ## - MEDIA TYPE
Source rdamedia
Media type term sin medio
Media type code n
338 ## - CARRIER TYPE
Source rdacarrier
Carrier type term volumen
Carrier type code nc
650 #7 - SUBJECT ADDED ENTRY--TOPICAL TERM
Source of heading or term armarc
Topical term or geographic name entry element Aparatos ortoédicos
650 #7 - SUBJECT ADDED ENTRY--TOPICAL TERM
Source of heading or term armarc
Topical term or geographic name entry element Implantes ortopédicos
650 #7 - SUBJECT ADDED ENTRY--TOPICAL TERM
Source of heading or term armarc
Topical term or geographic name entry element Prótesis
650 #7 - SUBJECT ADDED ENTRY--TOPICAL TERM
Source of heading or term armarc
Topical term or geographic name entry element Personas con discapacidad
General subdivision Rehabilitación
700 1# - ADDED ENTRY--PERSONAL NAME
Personal name Chui, Kevin K.,
Relator term autor
9 (RLIN) 14193
700 1# - ADDED ENTRY--PERSONAL NAME
Personal name Milagros, Jorge,
Relator term autor
700 1# - ADDED ENTRY--PERSONAL NAME
Personal name Yen, Sheng-Che,
Relator term autor
700 1# - ADDED ENTRY--PERSONAL NAME
Personal name Lusardi, Michelle M.,
Relator term autor
942 ## - ADDED ENTRY ELEMENTS (KOHA)
Source of classification or shelving scheme Dewey Decimal Classification
Koha item type Libro
Classification part 617.47
Item part O77
Existencias
Withdrawn status Lost status Source of classification or shelving scheme Damaged status Not for loan Collection code Home library Current library Shelving location Date acquired Source of acquisition Cost, normal purchase price Total Checkouts Full call number Barcode Date last seen Copy number Cost, replacement price Price effective from Koha item type
    Dewey Decimal Classification     General Biblioteca Karol Wojtyla Biblioteca Karol Wojtyla Sala general 16/05/2023 2 3072.24   617.47 O77 2020 103252 05/01/2026 Ej.2 3072.24 16/05/2023 Reserva permanente
    Dewey Decimal Classification     General Biblioteca Karol Wojtyla Biblioteca Karol Wojtyla Sala general 16/05/2023 2 3072.24   617.47 O77 2020 103251 05/01/2026   3072.24 16/05/2023 Reserva permanente